| 000 | 00950nam a2200277Ia 4500 | ||
|---|---|---|---|
| 003 | GCL | ||
| 008 | 140319s9999 xx 000 0 ara d | ||
| 040 |
_aGCL / _cGCL |
||
| 082 | 0 | 4 |
_a611.9 _bب ا |
| 100 | 1 | _aتاج الدين محمود الجاعونى | |
| 245 | 1 | 0 |
_aالانسان هذا الكائن العجيب : اطوار خلقة وتطويرة فى الطب والقران / _cتاج الدين محمود الجاعونى |
| 260 |
_a[S.N] : _bدار عمار للنشر والتوزيع ، _c1993 |
||
| 490 | _a | ||
| 650 | 0 | 4 | _aالطب |
| 650 | 0 | 4 | _aالانسان |
| 650 | 0 | 4 | _aامراض |
| 650 | 0 | 4 | _aجسم الانسان |
| 650 | 0 | 4 | _aالانسان فى الاسلام |
| 650 | 0 | 4 | _aالتشريح |
| 650 | 0 | 4 | _aالجهاز التناسلى |
| 650 | 0 | 4 | _aالاجناس |
| 650 | 0 | 4 | _aامراض المراة |
| 650 | 0 | 4 | _aالجهاز التناسلى للرجل |
| 650 | 0 | 4 | _aالقران |
| 942 |
_2ddc _cBK |
||
| 999 |
_c33582 _d33582 |
||